LDR 01042naa#a2200217#i#450# 001 RU\\bibl\117895 005 20260607051254.7 011 ## _a2500-4026 100 ## _a20250630b2025####ek#y0rusy0150####ca 101 0# _aRUS 102 ## _aRU 200 1# _aФИЗИЧЕСКАЯ ПОДГОТОВКА ПОЖАРНЫХ, ОПРЕДЕЛЕНИЕ ПОДХОДА К ОПТИМИЗАЦИИ (МЕХАНИЗАЦИИ) ОТДЕЛЬНЫХ ВИДОВ РАБОТ ПРИ ТУШЕНИИ ПОЖАРА _eЖурнальная статья 210 1# _aЖелезногорск _cФГБОУ ВО Сибирская пожарно-спасательная академия ГПС МЧС России _d2025 215 ## _a9 с. 608 ## _aЖурнальная статья _2local 675 ## _aСиловая тренировка. Мышечно-силовая тренировка. 796.015.52 _zRUS 700 #1 _aШиринкин _gП В 700 #1 _aИщенко _gА Д 700 #1 _aФогилев _gИ С 700 #1 _aАндросенко _gС Г 856 4# _aapbt-sibpsa.editorum.ru _u